Normal view MARC view
  • Korn, Granino A.

Entry Personal Name

Number of records used in: 1

001 - CONTROL NUMBER

  • control field: 705

003 - CONTROL NUMBER IDENTIFIER

  • control field: OSt

005 - DATE AND TIME OF LATEST TRANSACTION

  • control field: 20170503105354.0

008 - FIXED-LENGTH DATA ELEMENTS

  • fixed length control field: 170503|| aca||aabn | a|a d

040 ## - CATALOGING SOURCE

  • Original cataloging agency: OSt
  • Transcribing agency: OSt

100 ## - HEADING--PERSONAL NAME

  • Personal name: Korn, Granino A.

670 ## - SOURCE DATA FOUND

  • Source citation: Work cat.: (OSt): Korn, Granino A., Interactive dynamic system simulation /, c1989.
Pusat Sumber Maklumat Dato' Haji Sarmin Md Hussin, Akademi Kastam Diraja Malaysia, Melaka
Tel: 06-2331106 | Faks: 06-2313787